Histoire de l'Asie antérieure, de l'Inde et de la Crète : depuis les origines jusqu'au début du second millénaire /

محفوظ في:

المؤلف الرئيسي: Hrozny, Bedrich, 1879-1952 (مؤلف)

التنسيق: كتاب

اللغة: French

منشور في: Paris : Payot, 1947.

سلاسل: Bibliotheque historique.

الموضوعات:

الوسوم: إضافة وسم

لا توجد وسوم, كن أول من يضع وسما على هذه التسجيلة!

رقم الطلب: DS62 .H87 1947

LEADER 00870namaa2200253 4500
001 20816
003 OSt
005 20260126090809.0
008 130303s1947 fr ab b 000 0 fre d
040 |c ARCE Library 
043 |a aw----- 
050 4 |a DS62 .H87 1947 
100 1 |a Hrozny, Bedrich,   |d 1879-1952,  |e author  |9 32324 
245 1 0 |a Histoire de l'Asie antérieure, de l'Inde et de la Crète :  |b depuis les origines jusqu'au début du second millénaire /  |c Traduction française par Madeleine David. 
264 1 |a Paris :  |b Payot,  |c 1947. 
300 |a 350 pages :  |b illustrations, maps (part folded) ;  |c 23 cm. 
490 0 |a Bibliotheque historique. 
504 |a Bibliography : pages [326]-330. 
651 0 |a Middle East  |x History. 
651 0 |a Middle East  |x Antiquities. 
651 0 |a Middle East  |x Civilization. 
901 |a reviewed 
942 |c BK  |2 lcc 
999 |c 17252  |d 17252